[Event "CAN/QC op"]
[Site "Montreal CAN"]
[Date "2002.07.16"]
[Round "5"]
[White "Brodie, Hugh"]
[Black "Demmery, Steve"]
[Result "0-1"]
[WhiteElo "1902"]
[BlackElo "2086"]
[PlyCount "147"]
[EventDate "2002.07.13"]
[EventType "swiss"]
[EventRounds "9"]
[EventCountry "CAN"]

1. e4 d6 2. d4 Nf6 3. Nc3 c6 4. f4 Qa5 5. Bd3 e5 6. Nf3 Bg4 7. dxe5 dxe5 8.
fxe5 Nfd7 9. e6 Bxe6 10. O-O Be7 11. Be3 Ne5 12. Nxe5 Qxe5 13. Qf3 Bd6 14. Bf4
Qxf4 15. Qxf4 Bxf4 16. Rxf4 Nd7 17. Ne2 Ne5 18. Nd4 Ke7 19. Nf5+ Bxf5 20. Rxf5
f6 21. Rf2 Rad8 22. Be2 Rd4 23. Bf3 Rhd8 24. Raf1 R8d7 25. Re1 Kd8 26. Rff1 Kc7
27. Kf2 Rb4 28. b3 Rbd4 29. Ke3 Kb6 30. Re2 Kc5 31. a3 a5 32. Rc1 a4 33. Rf2
Kb6 34. Be2 axb3 35. cxb3 Nd3 36. Bxd3 Rxd3+ 37. Kf4 Rxb3 38. Rf3 Rb5 39. h4
Re7 40. Rc4 c5 41. Rd3 Kc6 42. Rd8 Ra5 43. a4 b6 44. Rh8 h6 45. Rc8+ Kb7 46.
Rd8 Ra8 47. Rd5 Kc6 48. Rd3 Re5 49. g4 Rae8 50. h5 b5 51. axb5+ Kxb5 52. Rdc3
Ra8 53. Rc1 Ra4 54. Rxa4 Kxa4 55. Rb1 Re7 56. Ke3 Re5 57. Kd3 Rg5 58. Kc4 Ka3
59. Rg1 Kb2 60. Rg2+ Ka3 61. Rg3+ Ka4 62. Rg1 Ka5 63. Rg2 Kb6 64. Rg1 Kc6 65.
Kd3 Kd6 66. Ke3 c4 67. Kd4 Rc5 68. Kc3 Ke5 69. Re1 Rc7 70. Re2 Kf4 71. Re1 Re7
72. Kd4 Kxg4 73. Kxc4 Kxh5 74. Kd4 0-1

[Event "CAN/QC op"]
[Site "Montreal CAN"]
[Date "2002.07.16"]
[Round "5"]
[White "Caceres Cortes, Julio"]
[Black "Leclair, Hugues"]
[Result "1-0"]
[WhiteElo "2090"]
[BlackElo "1840"]
[PlyCount "51"]
[EventDate "2002.07.13"]
[EventType "swiss"]
[EventRounds "9"]
[EventCountry "CAN"]

1. e4 e5 2. Nf3 Nc6 3. Nc3 Nf6 4. d4 exd4 5. Nd5 Ne7 6. Nxf6+ gxf6 7. Nxd4 d5
8. exd5 Qxd5 9. Be3 Bh3 10. Nb5 Qc6 11. Qf3 Qxf3 12. gxf3 Bxf1 13. Nxc7+ Kd7
14. Nxa8 Bg2 15. Rg1 Bxf3 16. Bxa7 Nc6 17. Rg3 Nxa7 18. Rxf3 Bb4+ 19. c3 Ba5
20. O-O-O+ Kc8 21. Rxf6 Nc6 22. b4 Bd8 23. Rfd6 b5 24. Rxc6+ Kb7 25. Rc5 Kxa8
26. Rxb5 1-0

[Event "CAN/QC op"]
[Site "Montreal CAN"]
[Date "2002.07.16"]
[Round "5"]
[White "Degraeve, Jean Marc"]
[Black "Bluvshtein, Mark"]
[Result "1/2-1/2"]
[WhiteElo "2612"]
[BlackElo "2383"]
[PlyCount "110"]
[EventDate "2002.07.13"]
[EventType "swiss"]
[EventRounds "9"]
[EventCountry "CAN"]

1. e4 e6 2. d4 d5 3. Nc3 Bb4 4. exd5 exd5 5. Bd3 Nc6 6. a3 Be7 7. Nce2 Bg4 8.
c3 Qd7 9. Qc2 Bd6 10. Ng3 Nge7 11. h3 Bxg3 12. hxg4 Bd6 13. f3 Ng6 14. Ne2 Qe7
15. Kf1 O-O-O 16. Rh5 Kb8 17. Bd2 Nf8 18. Re1 Ne6 19. Rxd5 h5 20. g5 Bh2 21.
Rxd8+ Qxd8 22. Be4 Nxg5 23. Bxc6 bxc6 24. Qb3+ Kc8 25. Qa4 Ne4 26. Be3 Ng3+ 27.
Nxg3 Bxg3 28. Re2 Qd5 29. c4 Qf5 30. Qc2 Qxc2 31. Rxc2 Re8 32. Bf2 Bxf2 33.
Kxf2 Kd7 34. b4 g5 35. Rd2 f5 36. d5 f4 37. dxc6+ Kxc6 38. Rd5 g4 39. fxg4 hxg4
40. Rg5 g3+ 41. Kf3 Re3+ 42. Kxf4 Rxa3 43. Rxg3 Ra4 44. b5+ Kc5 45. Rc3 Kd4 46.
Rc1 Kd3 47. g4 Kd2 48. Rb1 Rxc4+ 49. Kf5 c6 50. bxc6 Rc5+ 51. Kg6 Rxc6+ 52. Kh5
a5 53. g5 a4 54. Rg1 Ra6 55. g6 Ra7 1/2-1/2

[Event "CAN/QC op"]
[Site "Montreal CAN"]
[Date "2002.07.16"]
[Round "5"]
[White "Feoktistov, Dmitri"]
[Black "Gilman, Arkadiy"]
[Result "1-0"]
[WhiteElo "2087"]
[BlackElo "1977"]
[PlyCount "65"]
[EventDate "2002.07.13"]
[EventType "swiss"]
[EventRounds "9"]
[EventCountry "CAN"]

1. d4 d5 2. c4 c6 3. Nc3 Nf6 4. Nf3 e6 5. Bg5 Nbd7 6. e3 Be7 7. Bd3 h6 8. Bh4
O-O 9. O-O dxc4 10. Bxc4 b5 11. Bd3 a6 12. Rc1 Bb7 13. a3 c5 14. Qe2 Qb6 15.
Rfd1 Rfe8 16. Bb1 cxd4 17. Nxd4 Rac8 18. f3 Qc5 19. Rc2 Qb6 20. Rcd2 Ne5 21.
Ba2 Nc4 22. Bxc4 bxc4 23. Rc2 Red8 24. Rdc1 Qa5 25. Bf2 g6 26. f4 Bc5 27. Bh4
g5 28. fxg5 hxg5 29. Bg3 Bb6 30. Rf1 Nh7 31. Qh5 Rd7 32. Rcf2 Rcc7 33. Bxc7 1-0

[Event "CAN/QC op"]
[Site "Montreal CAN"]
[Date "2002.07.16"]
[Round "5"]
[White "Fernandez, John"]
[Black "Lipnowski, Michael"]
[Result "1/2-1/2"]
[WhiteElo "2133"]
[BlackElo "1856"]
[PlyCount "39"]
[EventDate "2002.07.13"]
[EventType "swiss"]
[EventRounds "9"]
[EventCountry "CAN"]

1. e4 c5 2. Nf3 e6 3. d4 cxd4 4. Nxd4 Nf6 5. Nc3 d6 6. Be2 Be7 7. O-O O-O 8.
Be3 a6 9. a4 Qc7 10. f4 Nc6 11. Qe1 Nxd4 12. Bxd4 e5 13. fxe5 dxe5 14. Qg3 Bc5
15. Bxc5 Qxc5+ 16. Kh1 Kh8 17. Rxf6 gxf6 18. Qh4 Rg8 19. Qxf6+ Rg7 20. Qd8+
1/2-1/2

[Event "CAN/QC op"]
[Site "Montreal CAN"]
[Date "2002.07.16"]
[Round "5"]
[White "Fillion, Steve"]
[Black "Legky, Nikolay"]
[Result "0-1"]
[WhiteElo "2122"]
[BlackElo "2465"]
[PlyCount "138"]
[EventDate "2002.07.13"]
[EventType "swiss"]
[EventRounds "9"]
[EventCountry "CAN"]

1. d4 Nf6 2. Nf3 e6 3. Bf4 Be7 4. Nbd2 Nh5 5. Bg3 Nxg3 6. hxg3 d5 7. e3 Nd7 8.
Bd3 b6 9. Qe2 Bb7 10. O-O-O h6 11. e4 dxe4 12. Nxe4 Bd6 13. Kb1 Qe7 14. Rhe1 a6
15. Nxd6+ cxd6 16. Be4 Nf6 17. Bxb7 Qxb7 18. Qd3 O-O 19. Rh1 Qe4 20. Qxe4 Nxe4
21. Rhf1 b5 22. Nd2 Nf6 23. Rfe1 Rfc8 24. Ne4 Nxe4 25. Rxe4 d5 26. Re3 Rc6 27.
g4 Rac8 28. Rd2 Kf8 29. Rb3 Ke7 30. Rb4 Kd6 31. a4 Rc4 32. Rxc4 bxc4 33. Re2
Rb8 34. Ka2 f6 35. f4 g5 36. f5 e5 37. Re3 exd4 38. Re6+ Kc5 39. Rxf6 d3 40.
cxd3 cxd3 41. Kb1 d2 42. Kc2 Rxb2+ 43. Kd1 Rb4 44. Rxa6 Rxg4 45. Rxh6 Rxg2 46.
a5 Rf2 47. a6 Rxf5 48. a7 Rf1+ 49. Kxd2 Ra1 50. Rg6 Ra2+ 51. Kd3 Rxa7 52. Rxg5
Ra3+ 53. Kd2 Kc4 54. Rg4+ d4 55. Rg8 Ra2+ 56. Kc1 Kc3 57. Rc8+ Kd3 58. Rd8 Rf2
59. Rd7 Rf1+ 60. Kb2 Rd1 61. Rd8 Ke2 62. Re8+ Kd2 63. Rd8 d3 64. Rd7 Re1 65.
Rd8 Re6 66. Rd7 Rb6+ 67. Ka2 Kc2 68. Rc7+ Kd1 69. Rd7 d2 0-1

[Event "CAN/QC op"]
[Site "Montreal CAN"]
[Date "2002.07.16"]
[Round "5"]
[White "Gagnon, Michel"]
[Black "Ayotte, Jocelyn"]
[Result "1-0"]
[WhiteElo "2212"]
[BlackElo "1934"]
[PlyCount "119"]
[EventDate "2002.07.13"]
[EventType "swiss"]
[EventRounds "9"]
[EventCountry "CAN"]

1. d4 d5 2. Nf3 Nf6 3. e3 c6 4. Bd3 Bg4 5. c4 Nbd7 6. cxd5 cxd5 7. Nc3 e6 8.
Qb3 Bxf3 9. gxf3 Qb6 10. Bd2 Qxb3 11. axb3 a6 12. Rc1 Rc8 13. Ke2 Rc6 14. Na4
Nb8 15. b4 b5 16. Nc5 Bxc5 17. bxc5 Kd7 18. f4 g6 19. Ra1 Kc8 20. f3 Ng8 21. h4
h5 22. b4 Ne7 23. e4 Rd8 24. Be3 f5 25. Rhg1 Kb7 26. Ra2 Rd7 27. Kd2 Rd8 28.
Kc3 Rc7 29. Rag2 Rg8 30. exf5 exf5 31. Bd2 Kc6 32. Re2 Kd7 33. Rge1 Re8 34. Bc2
Nbc6 35. Kd3 Nd8 36. Bb3 Kc6 37. Re5 Rd7 38. Re6+ Nxe6 39. Rxe6+ Kb7 40. c6+
Nxc6 41. Rxe8 Kc7 42. Re6 Rd6 43. Re5 Nxe5+ 44. fxe5 Rd7 45. Ke3 Kd8 46. Kf4
Ke7 47. Kg5 Kf7 48. Kh6 Rd8 49. Kh7 Ke6 50. Kg7 Rc8 51. Kxg6 Rg8+ 52. Kxh5 Rg2
53. Bg5 Rb2 54. Kg6 Rxb3 55. h5 Rxb4 56. h6 Rc4 57. h7 Rc8 58. Bd2 Rb8 59. Bb4
Rc8 60. Kg7 1-0

[Event "CAN/QC op"]
[Site "Montreal CAN"]
[Date "2002.07.16"]
[Round "5"]
[White "Khassanov, Marat"]
[Black "Barsov, Alexei"]
[Result "1/2-1/2"]
[WhiteElo "2375"]
[BlackElo "2501"]
[PlyCount "38"]
[EventDate "2002.07.13"]
[EventType "swiss"]
[EventRounds "9"]
[EventCountry "CAN"]

1. e4 e6 2. d4 d5 3. exd5 exd5 4. Bd3 Nc6 5. c3 Bd6 6. h3 Qf6 7. Qf3 Be6 8.
Qxf6 Nxf6 9. Ne2 Ne7 10. Bf4 O-O-O 11. Nd2 Bf5 12. Bxf5+ Nxf5 13. Bxd6 Rxd6 14.
O-O Re8 15. Nf4 Rb6 16. Nd3 Nd6 17. Rfe1 Nc4 18. Rxe8+ Nxe8 19. Re1 Ned6
1/2-1/2

[Event "CAN/QC op"]
[Site "Montreal CAN"]
[Date "2002.07.16"]
[Round "5"]
[White "Khaziyeva, Dinara"]
[Black "Danilov, Alex"]
[Result "1-0"]
[WhiteElo "2076"]
[BlackElo "1920"]
[PlyCount "107"]
[EventDate "2002.07.13"]
[EventType "swiss"]
[EventRounds "9"]
[EventCountry "CAN"]

1. c4 Nf6 2. Nf3 c5 3. Nc3 d5 4. cxd5 Nxd5 5. Nxd5 Qxd5 6. d4 e6 7. e3 c4 8.
Qa4+ b5 9. Qc2 Nc6 10. a4 Bb4+ 11. Bd2 Bxd2+ 12. Qxd2 b4 13. Qc2 Ba6 14. Be2
O-O 15. O-O Rac8 16. Rfd1 Na5 17. e4 Qb7 18. e5 Qe7 19. d5 exd5 20. Rxd5 Rc5
21. Rad1 b3 22. Qc3 Bb7 23. Rd7 Qe6 24. Qb4 Bxf3 25. Qxc5 Nb7 26. Qe3 Bc6 27.
R7d4 Qg6 28. Bf3 Bxf3 29. Qxf3 Qa6 30. Rd7 Nc5 31. R7d5 Nd3 32. R5xd3 cxd3 33.
Qxd3 Qxa4 34. g3 Qb4 35. Qa6 Qc5 36. Qd6 Qa5 37. Qe7 Qb6 38. h3 h6 39. Rd3 a5
40. Qa3 Rb8 41. Rd5 Ra8 42. Qa4 Qb4 43. Qxb4 axb4 44. Rd3 Kf8 45. Rxb3 Rb8 46.
Kg2 Ke7 47. Kf3 Ke6 48. Ke4 Rb5 49. f4 g6 50. Kd4 g5 51. Kc4 Rd5 52. Rxb4 Rd1
53. Rb6+ Ke7 54. Rxh6 1-0

[Event "CAN/QC op"]
[Site "Montreal CAN"]
[Date "2002.07.16"]
[Round "5"]
[White "Kret, Ted"]
[Black "Morin, Louis"]
[Result "1-0"]
[WhiteElo "2159"]
[BlackElo "1864"]
[PlyCount "71"]
[EventDate "2002.07.13"]
[EventType "swiss"]
[EventRounds "9"]
[EventCountry "CAN"]

1. d4 d5 2. c4 e6 3. Nf3 c5 4. cxd5 exd5 5. g3 Nc6 6. Bg2 Nf6 7. O-O Be7 8.
dxc5 Bxc5 9. Nbd2 O-O 10. Nb3 Bb6 11. Nbd4 Nxd4 12. Nxd4 Ne4 13. e3 Bd7 14. a4
Qe7 15. a5 Bc5 16. Nb3 Bb5 17. Qxd5 Bxf1 18. Kxf1 Nxf2 19. Qxc5 Qf6 20. Qd4 Qf5
21. Qd5 Qg6 22. Kxf2 Qc2+ 23. Nd2 Rad8 24. Be4 Qd1 25. Bf3 Qc2 26. Qxb7 Rxd2+
27. Bxd2 Qxd2+ 28. Be2 Re8 29. Qxa7 Qxb2 30. Rd1 Qf6+ 31. Kg1 g6 32. a6 Qg5 33.
Qd4 Rxe3 34. Qd8+ Qxd8 35. Rxd8+ Kg7 36. a7 1-0

[Event "CAN/QC op"]
[Site "Montreal CAN"]
[Date "2002.07.16"]
[Round "5"]
[White "Laptos, Kris"]
[Black "Beaulieu, Pierre"]
[Result "1-0"]
[WhiteElo "2220"]
[BlackElo "2092"]
[PlyCount "125"]
[EventDate "2002.07.13"]
[EventType "swiss"]
[EventRounds "9"]
[EventCountry "CAN"]

1. Nf3 b6 2. d4 Bb7 3. g3 e6 4. Bg2 Nf6 5. c4 c5 6. O-O Be7 7. d5 exd5 8. Nh4
Ne4 9. Nf5 O-O 10. cxd5 Nd6 11. Nxd6 Bxd6 12. Nc3 Be5 13. f4 Bxc3 14. bxc3 d6
15. e4 Nd7 16. c4 Ba6 17. Qa4 Bb7 18. Bb2 a6 19. Rab1 b5 20. Qc2 Re8 21. Bc3 b4
22. Ba1 f6 23. Bh3 Nf8 24. Rbe1 Ng6 25. Be6+ Kh8 26. Bf7 Re7 27. Bxg6 hxg6 28.
e5 Qe8 29. e6 Kg8 30. h4 Kh7 31. h5 Kh6 32. hxg6 Qxg6 33. Qh2+ Qh5 34. Re2 f5
35. Bb2 Kg6 36. Qxh5+ Kxh5 37. Rh2+ Kg6 38. Kf2 Rg8 39. Rfh1 Bc8 40. Rh5 Bxe6
41. dxe6 Rxe6 42. Rg5+ Kf7 43. Rxf5+ Kg6 44. Rd5 Kf7 45. Rhd1 Rge8 46. R1d2 Re4
47. Rxd6 Rxc4 48. Rd7+ Re7 49. Rxe7+ Kxe7 50. Bxg7 Rc1 51. f5 c4 52. f6+ Kf7
53. Rd7+ Kg6 54. Bf8 b3 55. axb3 cxb3 56. Rb7 Rc2+ 57. Kf3 b2 58. Be7 a5 59.
Bd8 Rc3+ 60. Kg2 Rc2+ 61. Kh3 a4 62. f7 Kg7 63. Bf6+ 1-0

[Event "CAN/QC op"]
[Site "Montreal CAN"]
[Date "2002.07.16"]
[Round "5"]
[White "Lezaic, Jovan"]
[Black "Urquhart, Eddie"]
[Result "0-1"]
[WhiteElo "1982"]
[BlackElo "2296"]
[PlyCount "140"]
[EventDate "2002.07.13"]
[EventType "swiss"]
[EventRounds "9"]
[EventCountry "CAN"]

1. d4 Nf6 2. c4 g6 3. Nc3 d5 4. Nf3 Bg7 5. h3 O-O 6. e3 c5 7. Be2 dxc4 8. Bxc4
Nc6 9. O-O cxd4 10. exd4 a6 11. Be3 b5 12. Be2 Bb7 13. a3 Rc8 14. Qd3 e6 15.
Rfd1 Ne7 16. Rac1 Ned5 17. Bg5 Qd6 18. Nxd5 Qxd5 19. Be3 Rfd8 20. Rxc8 Rxc8 21.
Ne1 Qa2 22. Qb1 Qb3 23. Rc1 Nd5 24. Rxc8+ Bxc8 25. Qc2 Qxc2 26. Nxc2 Bb7 27.
Bf3 Bf8 28. Kf1 Bd6 29. Bd2 f6 30. Ke2 Kf7 31. g3 Ba8 32. Ba5 Ke7 33. Bxd5 Bxd5
34. Bb4 Bb3 35. Bxd6+ Kxd6 36. Ne3 h5 37. h4 a5 38. Kd3 Ba2 39. b4 axb4 40.
axb4 g5 41. f4 gxh4 42. gxh4 Bb1+ 43. Ke2 e5 44. dxe5+ fxe5 45. Kf3 Ke6 46. Nd1
Bg6 47. Nc3 Be8 48. Ke3 Kf5 49. fxe5 Kxe5 50. Ne4 Bd7 51. Nc5 Bf5 52. Nb3 Kd5
53. Nd4 Bd7 54. Kd3 Be8 55. Nf3 Bg6+ 56. Kc3 Be8 57. Nd4 Ke4 58. Ne6 Kf3 59.
Ng7 Bg6 60. Kd4 Kg4 61. Ke3 Kxh4 62. Kf4 Bd3 63. Ke5 Kg4 64. Kd4 Bc4 65. Ke3
Bf7 66. Ke4 h4 67. Ke5 h3 68. Nf5 h2 69. Nh6+ Kh5 70. Nxf7 h1=Q 0-1

[Event "CAN/QC op"]
[Site "Montreal CAN"]
[Date "2002.07.16"]
[Round "5"]
[White "Linskiy, Oleg"]
[Black "Chow, Vincent"]
[Result "1-0"]
[WhiteElo "2473"]
[BlackElo "2189"]
[PlyCount "35"]
[EventDate "2002.07.13"]
[EventType "swiss"]
[EventRounds "9"]
[EventCountry "CAN"]

1. e4 c6 2. d4 d5 3. Nc3 dxe4 4. Nxe4 Nf6 5. Nxf6+ gxf6 6. c3 Qc7 7. g3 Bf5 8.
Bg2 Nd7 9. Nf3 O-O-O 10. O-O Kb8 11. Bf4 e5 12. dxe5 Ka8 13. exf6 Qb6 14. Qb3
Qxb3 15. axb3 Nxf6 16. Bc7 Re8 17. Rxa7+ Kxa7 18. Ra1+ 1-0

[Event "CAN/QC op"]
[Site "Montreal CAN"]
[Date "2002.07.16"]
[Round "5"]
[White "Luksza, Arkadiusz"]
[Black "Schleifer, Michael"]
[Result "1/2-1/2"]
[WhiteElo "2270"]
[BlackElo "2362"]
[PlyCount "84"]
[EventDate "2002.07.13"]
[EventType "swiss"]
[EventRounds "9"]
[EventCountry "CAN"]

1. c4 e5 2. Nc3 Nc6 3. g3 Bc5 4. Bg2 Nf6 5. Nf3 d6 6. O-O a5 7. d3 O-O 8. Bg5
h6 9. Bxf6 Qxf6 10. Ne4 Qe7 11. Nxc5 dxc5 12. e3 Rd8 13. Qe2 Bf5 14. Rfd1 Rd6
15. Nh4 Be6 16. Qh5 Qg5 17. Qxg5 hxg5 18. Nf3 f6 19. Ne1 Rad8 20. Rac1 b6 21.
a3 a4 22. Bxc6 Rxc6 23. f3 Kf7 24. Rc2 Rcd6 25. Rdc1 g4 26. fxg4 Bxg4 27. e4 g6
28. Rf2 Bh3 29. Rcc2 Kg7 30. Rce2 Bg4 31. Re3 Bd1 32. Kg2 c6 33. Rd2 Bb3 34.
Rf2 b5 35. cxb5 cxb5 36. g4 g5 37. Kg3 Be6 38. Ref3 Bf7 39. h4 gxh4+ 40. Kxh4
Rh8+ 41. Kg3 Bg6 42. Re3 c4 1/2-1/2

[Event "CAN/QC op"]
[Site "Montreal CAN"]
[Date "2002.07.16"]
[Round "5"]
[White "Masse, Hugues"]
[Black "Beaulieu, Eric"]
[Result "1-0"]
[WhiteElo "2105"]
[BlackElo "2221"]
[PlyCount "85"]
[EventDate "2002.07.13"]
[EventType "swiss"]
[EventRounds "9"]
[EventCountry "CAN"]

1. e4 e6 2. d4 d5 3. e5 c5 4. c3 Nc6 5. Nf3 Nge7 6. Na3 cxd4 7. cxd4 Nf5 8. Nc2
Qb6 9. Bd3 Bb4+ 10. Kf1 Be7 11. b3 Bd7 12. Bb2 Rc8 13. g4 Nh6 14. Rg1 a5 15.
Ne3 Nb4 16. Be2 Bb5 17. Bxb5+ Qxb5+ 18. Qe2 Qb6 19. a3 Nc6 20. Qd3 Ng8 21. g5
Bf8 22. h4 Nge7 23. h5 Kd7 24. Rc1 h6 25. g6 fxg6 26. hxg6 a4 27. b4 Na7 28.
Ke2 Rxc1 29. Bxc1 Qb5 30. Bb2 Qxd3+ 31. Kxd3 Nf5 32. Nxf5 exf5 33. Nh4 Ke6 34.
Ng2 Be7 35. Nf4+ Kd7 36. Nxd5 Bd8 37. Nc3 b5 38. d5 h5 39. Bc1 h4 40. Be3 Nc8
41. Nxb5 Bb6 42. e6+ Ke7 43. Bg5+ 1-0

[Event "CAN/QC op"]
[Site "Montreal CAN"]
[Date "2002.07.16"]
[Round "5"]
[White "Mayo, Alvah"]
[Black "Lawson, Eric"]
[Result "1-0"]
[WhiteElo "2119"]
[BlackElo "2282"]
[PlyCount "119"]
[EventDate "2002.07.13"]
[EventType "swiss"]
[EventRounds "9"]
[EventCountry "CAN"]

1. Nf3 Nf6 2. b3 g6 3. Bb2 Bg7 4. c4 d6 5. g3 e5 6. d3 O-O 7. Bg2 Nh5 8. Qc2
Nc6 9. Nc3 f5 10. O-O f4 11. Nd5 g5 12. Nd2 g4 13. Ne4 Nd4 14. Bxd4 exd4 15.
Nxf4 Nxf4 16. gxf4 Rxf4 17. Rae1 Be5 18. e3 Rf8 19. exd4 Bxd4 20. Qd2 Kh8 21.
Qg5 Bf5 22. Qxd8 Raxd8 23. Rd1 c6 24. Ng3 Bg6 25. Be4 Bxe4 26. dxe4 Bc5 27. Rd2
Kg7 28. Kg2 Kf6 29. f4 gxf3+ 30. Rxf3+ Ke5 31. Rf5+ Rxf5 32. exf5 d5 33. Kf3
Rf8 34. Rc2 b6 35. Rd2 a5 36. a4 Bb4 37. Re2+ Kd4 38. cxd5 cxd5 39. Re6 Kc3 40.
Rxb6 Kxb3 41. Rb7 d4 42. Ke4 Kc4 43. Rc7+ Bc5 44. Kf4 Kb4 45. Ne4 d3 46. Rxc5
Rd8 47. Rc1 Kxa4 48. Ke3 Kb4 49. f6 a4 50. f7 a3 51. Kd2 a2 52. Nd6 Kb3 53. Ne8
Rc8 54. Rf1 Rc2+ 55. Kxd3 Rf2 56. Rxf2 a1=Q 57. f8=Q Qc3+ 58. Ke2 Qc2+ 59. Kf1
Qd1+ 60. Kg2 1-0

[Event "CAN/QC op"]
[Site "Montreal CAN"]
[Date "2002.07.16"]
[Round "5"]
[White "Mikanovic, Goran"]
[Black "Plante, Michel"]
[Result "1-0"]
[WhiteElo "2314"]
[BlackElo "1947"]
[PlyCount "59"]
[EventDate "2002.07.13"]
[EventType "swiss"]
[EventRounds "9"]
[EventCountry "CAN"]

1. d4 d5 2. c4 e6 3. Nc3 c6 4. e3 Nf6 5. Nf3 Nbd7 6. Qc2 Bd6 7. Bd3 O-O 8. O-O
dxc4 9. Bxc4 Qe7 10. Bd2 e5 11. h3 e4 12. Ng5 Nb6 13. Bb3 Bf5 14. f3 Bg6 15.
Ngxe4 Nxe4 16. fxe4 Qg5 17. Qc1 Rac8 18. e5 Bb8 19. e4 Qe7 20. Bg5 Qd7 21. Qe3
Na8 22. Rad1 a6 23. Qf3 Nc7 24. d5 Nb5 25. Nxb5 axb5 26. d6 Rce8 27. Qf4 Kh8
28. e6 Rxe6 29. Bxe6 Qxe6 30. e5 1-0

[Event "CAN/QC op"]
[Site "Montreal CAN"]
[Date "2002.07.16"]
[Round "5"]
[White "Moskvitch, Andrei"]
[Black "Tremblay, Alain"]
[Result "1-0"]
[WhiteElo "2195"]
[BlackElo "1924"]
[PlyCount "67"]
[EventDate "2002.07.13"]
[EventType "swiss"]
[EventRounds "9"]
[EventCountry "CAN"]

1. e4 e6 2. d3 d5 3. Nd2 Nf6 4. Ngf3 c5 5. g3 Nc6 6. Bg2 Be7 7. O-O b6 8. Re1
Bb7 9. e5 Nd7 10. Nf1 Qc7 11. Qe2 h6 12. h4 g5 13. hxg5 hxg5 14. Bxg5 Bxg5 15.
Nxg5 Nd4 16. Qd2 Nxe5 17. Qf4 Ndc6 18. Qf6 Rh5 19. f4 Ng4 20. Nxe6 Nxf6 21.
Nxc7+ Kd7 22. Nxa8 Bxa8 23. c3 Bb7 24. Rad1 b5 25. Bf3 Rh8 26. Ne3 Ne7 27. Kg2
Re8 28. Ng4 Nxg4 29. Bxg4+ f5 30. Bf3 Kd6 31. Rh1 Nc8 32. Rh6+ Kc7 33. Kf2 Nd6
34. Bh5 1-0

[Event "CAN/QC op"]
[Site "Montreal CAN"]
[Date "2002.07.16"]
[Round "5"]
[White "Nogueiras, Jesus"]
[Black "Fernandez, Lautaro"]
[Result "1-0"]
[WhiteElo "2587"]
[BlackElo "2006"]
[PlyCount "111"]
[EventDate "2002.07.13"]
[EventType "swiss"]
[EventRounds "9"]
[EventCountry "CAN"]

1. c4 c5 2. Nf3 Nf6 3. Nc3 Nc6 4. d4 cxd4 5. Nxd4 g6 6. g3 Bg7 7. Bg2 O-O 8.
O-O Nxd4 9. Qxd4 d6 10. Bg5 h6 11. Bxf6 Bxf6 12. Qd2 Bg7 13. Rfd1 Be6 14. b3
Qb6 15. Rac1 Rfd8 16. Rc2 Rac8 17. Rdc1 Bxc3 18. Rxc3 h5 19. Bd5 Bxd5 20. cxd5
Rc5 21. Rxc5 dxc5 22. e4 e6 23. Rd1 exd5 24. exd5 Rd6 25. Qe3 Qc7 26. Qe8+ Kg7
27. Qe5+ Kg8 28. Kg2 Qd7 29. a4 b6 30. Qe4 Qd8 31. h3 Qg5 32. Rd3 Kg7 33. Qc4
Qe5 34. Rd2 Kg8 35. Qd3 g5 36. Qc4 Kg7 37. a5 h4 38. axb6 axb6 39. g4 Kf6 40.
Rd3 Kg7 41. Rd1 f5 42. gxf5 Qxf5 43. Qc3+ Qf6 44. Qe3 Rd7 45. Rd3 Re7 46. Qd2
Qf5 47. d6 Qe4+ 48. Kh2 Qe5+ 49. f4 Qe2+ 50. Qxe2 Rxe2+ 51. Kg1 Re8 52. fxg5
Rd8 53. Kf2 Kg6 54. Ke3 Kxg5 55. Ke4 Kf6 56. Kd5 1-0

[Event "CAN/QC op"]
[Site "Montreal CAN"]
[Date "2002.07.16"]
[Round "5"]
[White "Rondeau, Samuel"]
[Black "Chokshi, Manthan"]
[Result "0-1"]
[WhiteElo "1740"]
[BlackElo "2231"]
[PlyCount "50"]
[EventDate "2002.07.13"]
[EventType "swiss"]
[EventRounds "9"]
[EventCountry "CAN"]

1. c4 Nf6 2. d4 g6 3. Nc3 Bg7 4. e4 d6 5. f3 O-O 6. Bd3 c5 7. d5 e6 8. Nge2
exd5 9. exd5 Re8 10. O-O a6 11. Bg5 Qc7 12. Qd2 b5 13. cxb5 c4 14. Be4 axb5 15.
a3 Na6 16. Kh1 Rb8 17. Nd4 Bd7 18. Bc2 b4 19. axb4 Nxb4 20. Ba4 Nfxd5 21. Ndb5
Qb6 22. Nxd5 Nxd5 23. Qxd5 Bxb5 24. Bxb5 Qxb5 25. Qxd6 Qxg5 0-1

[Event "CAN/QC op"]
[Site "Montreal CAN"]
[Date "2002.07.16"]
[Round "5"]
[White "Voskanyan, Vahagn"]
[Black "Trottier, Yves"]
[Result "1-0"]
[WhiteElo "2359"]
[BlackElo "1949"]
[PlyCount "39"]
[EventDate "2002.07.13"]
[EventType "swiss"]
[EventRounds "9"]
[EventCountry "CAN"]

1. Nf3 d5 2. d4 Nf6 3. c4 e6 4. Nc3 Be7 5. cxd5 exd5 6. Bf4 c6 7. Qc2 Qa5 8. e3
Ne4 9. Bd3 Na6 10. Bxa6 Nxc3 11. Bd3 Ne4+ 12. Kf1 Bf5 13. h3 h6 14. g4 Bh7 15.
Kg2 Qd8 16. Ne5 Nf6 17. Bf5 Bxf5 18. gxf5 Ne4 19. Rad1 Ng5 20. Bg3 1-0

[Event "CAN/QC op"]
[Site "Montreal CAN"]
[Date "2002.07.16"]
[Round "5"]
[White "Zafirov, Stephane"]
[Black "Bolduc, Steve"]
[Result "1/2-1/2"]
[WhiteElo "1925"]
[BlackElo "2268"]
[PlyCount "46"]
[EventDate "2002.07.13"]
[EventType "swiss"]
[EventRounds "9"]
[EventCountry "CAN"]

1. e4 c5 2. Nf3 Nc6 3. d4 cxd4 4. Nxd4 Nf6 5. Nc3 e5 6. Ndb5 d6 7. Bg5 a6 8.
Na3 b5 9. Nd5 Be7 10. Bxf6 Bxf6 11. c3 O-O 12. Nc2 Rb8 13. Be2 Bg5 14. Bg4 Bb7
15. Nce3 Bxe3 16. Nxe3 Ne7 17. Qd3 d5 18. exd5 Nxd5 19. Nxd5 Qxd5 20. Qxd5 Bxd5
21. O-O Rfd8 22. Rfd1 Kf8 23. b3 Ke7 1/2-1/2

[Event "CAN/QC op"]
[Site "Montreal CAN"]
[Date "2002.07.16"]
[Round "5.104"]
[White "Strojevs, Alexander"]
[Black "Dubreuil, Raymond"]
[Result "1/2-1/2"]
[WhiteElo "1815"]
[BlackElo "1591"]
[PlyCount "55"]
[EventDate "2002.07.13"]
[EventType "swiss"]
[EventRounds "9"]
[EventCountry "CAN"]

1. d4 Nf6 2. c4 g6 3. Nc3 d5 4. Nf3 Bg7 5. e3 O-O 6. Bd3 Bg4 7. O-O c6 8. h3
Bxf3 9. Qxf3 Re8 10. cxd5 cxd5 11. b3 Nc6 12. Bb2 e5 13. dxe5 Nxe5 14. Qd1 Nxd3
15. Qxd3 Ne4 16. Na4 Bxb2 17. Nxb2 Qf6 18. Qd4 Qxd4 19. exd4 Nc3 20. Nd1 Ne2+
21. Kh2 Nxd4 22. Ne3 Rad8 23. Rad1 Re4 24. Rd3 Ne2 25. Rxd5 Rxd5 26. Nxd5 Rd4
27. Re1 Rxd5 28. Rxe2 1/2-1/2

[Event "CAN/QC op"]
[Site "Montreal CAN"]
[Date "2002.07.17"]
[Round "6"]
[White "Abi Ayad, Zohayr"]
[Black "Moskvitch, Andrei"]
[Result "0-1"]
[WhiteElo "1796"]
[BlackElo "2195"]
[PlyCount "60"]
[EventDate "2002.07.13"]
[EventType "swiss"]
[EventRounds "9"]
[EventCountry "CAN"]

1. d4 d5 2. c4 e6 3. Nc3 c5 4. Nf3 Nc6 5. e3 Nf6 6. Be2 a6 7. a4 Bd6 8. O-O O-O
9. h3 b6 10. b3 Bb7 11. Ba3 cxd4 12. Bxd6 Qxd6 13. exd4 Rfd8 14. Rb1 Rab8 15.
Qd2 Ne4 16. Qe3 f5 17. Rfd1 Qb4 18. Nxe4 dxe4 19. Ng5 Qe7 20. Nxe6 Qxe6 21. d5
Qf6 22. dxc6 Qxc6 23. Qg5 Rf8 24. Rd4 Qf6 25. Qd2 f4 26. Bf1 Rbe8 27. Re1 e3
28. Qd3 exf2+ 29. Kxf2 Qh4+ 30. g3 Qxg3+ 0-1

[Event "CAN/QC op"]
[Site "Montreal CAN"]
[Date "2002.07.17"]
[Round "6"]
[White "Barsov, Alexei"]
[Black "Laptos, Kris"]
[Result "1/2-1/2"]
[WhiteElo "2501"]
[BlackElo "2220"]
[PlyCount "63"]
[EventDate "2002.07.13"]
[EventType "swiss"]
[EventRounds "9"]
[EventCountry "CAN"]

1. d4 d6 2. Nf3 Bg4 3. e4 Nf6 4. Nc3 e6 5. Be2 c6 6. d5 e5 7. O-O Be7 8. a4
Bxf3 9. Bxf3 a5 10. g3 O-O 11. Bg2 Na6 12. f4 Qb6+ 13. Kh1 cxd5 14. exd5 exf4
15. Bxf4 Nc5 16. Qe2 Rfe8 17. Qb5 Qd8 18. Rae1 Bf8 19. Bg5 Rxe1 20. Rxe1 h6 21.
Be3 b6 22. Bd4 Ng4 23. Ne4 f5 24. Nd2 Qg5 25. Nf3 Qh5 26. Kg1 Ne4 27. Qc6 Re8
28. h3 Ngf6 29. g4 fxg4 30. hxg4 Qxg4 31. Nh2 Qg6 32. Bxb6 1/2-1/2